|
|
|
|
| LEADER |
00000nam2a2200000 4500 |
| 001 |
163529 |
| 005 |
20231101222413.0 |
| 035 |
|
|
|a (RuTPU)RU\TPU\book\177426
|
| 035 |
|
|
|a RU\TPU\book\99947
|
| 090 |
|
|
|a 163529
|
| 100 |
|
|
|a 20090819d1957 m y0rusy50 ca
|
| 101 |
1 |
|
|a rus
|c eng
|
| 102 |
|
|
|a RU
|
| 105 |
|
|
|a a z 001ab
|
| 200 |
0 |
|
|a Т. 1: Очерки Боза. Мадфогские записки
|f худож. Д. Крукшенк ; авт. предисл. В. В. Ивашева ; автор коментарий Е. Ланн
|
| 210 |
|
|
|d 1957
|
| 215 |
|
|
|a 754 с.
|c ил.
|
| 320 |
|
|
|a Комментарии: с. 737-746
|
| 320 |
|
|
|a Хронологический порядок первой публикации "Очерков Боза": с. 747749
|
| 461 |
|
1 |
|0 (RuTPU)RU\TPU\book\99946
|t Собрание сочинений
|o в 30 т: пер. с англ.
|f Ч. Диккенс
|g под ред. А. А. Аникста и др.
|v Т. 1: Очерки Боза. Мадфогские записки
|d 1957-
|
| 464 |
|
|
|t Быт англичан 30-х - 60-х годов
|f Е. Ланн
|
| 600 |
|
1 |
|a Диккенс
|b Ч.
|c английский писатель
|f 1812-1870
|g Чарльз
|2 stltpush
|3 (RuTPU)RU\TPU\pers\9041
|9 1731
|
| 610 |
1 |
|
|a английская литература
|
| 610 |
1 |
|
|a очерки
|
| 610 |
1 |
|
|a Англия
|
| 675 |
|
|
|a 82
|v 3
|
| 702 |
|
1 |
|a Крукшенк
|b Д.
|g Джордж
|4 440
|
| 702 |
|
1 |
|a Ивашева
|b В. В.
|4 080
|
| 702 |
|
1 |
|a Ланн
|b Е.
|g Евгений
|4 210
|
| 801 |
|
1 |
|a RU
|b 63413507
|c 20050907
|g PSBO
|
| 801 |
|
2 |
|a RU
|b 63413507
|c 20221208
|g PSBO
|
| 942 |
|
|
|c BK
|